Normal view
MARC view
- Er. Sathyajith Mathew (Guide)
Entry Personal Name
001 - CONTROL NUMBER
- control field: 3931
003 - CONTROL NUMBER IDENTIFIER
- control field: OSt
005 - DATE AND TIME OF LATEST TRANSACTION
- control field: 20181116102012.0
008 - FIXED-LENGTH DATA ELEMENTS
- fixed length control field: 181116|| aca||aabn | a|a d
040 ## - CATALOGING SOURCE
- Original cataloging agency: OSt
- Transcribing agency: OSt
100 ## - HEADING--PERSONAL NAME
- Personal name: Er. Sathyajith Mathew (Guide)
670 ## - SOURCE DATA FOUND
- Source citation: Work cat.: (OSt)15268: JAYACHANDRAN S 3927, Study of energy inflow - outflow pattern in paddy cultivation with specific reference to tillage treatments
